[Event "August 2011"]
[Site "SchemingMind.com"]
[Date "2011.08.08"]
[Round "-"]
[White "otsenrechess"]
[Black "ramesse"]
[Result "1/2-1/2"]
[WhiteCountry "HUN"]
[BlackCountry "SVK"]
[WhiteElo "2301"]
[WhiteRD "51"]
[BlackElo "2219"]
[BlackRD "64"]
[GameID "290380"]

1. e4 c5 2. Nf3 d6 3. d4 cxd4 4. Nxd4 Nf6 5. Nc3 a6 6. Be3 e5 7. Nb3 Be6 8. f3 Be7 9. Qd2 O-O 10. O-O-O Nbd7
11. g4 b5 12. g5 b4 13. Ne2 Ne8 14. f4 a5 15. f5 a4 16. Nbd4 exd4 17. Nxd4 b3 18. Kb1 bxc2+ 19. Nxc2 Bb3 20. axb3 axb3
21. Na3 Ne5 22. Qg2 Qb8 23. Bf4 Bd8 24. Bxe5 dxe5 25. Bc4 Nd6 26. Bd5 Nb5 27. g6 Nxa3+ 28. bxa3 Rxa3 29. gxf7+ Kh8 30. Qb2 Qa7
31. Rhg1 Bf6 32. Rg3 Rb8 33. Rgd3 Ra2 34. Qxb3 Rxb3+ 35. Rxb3 Ra1+ 36. Kb2 Qa2+ 37. Kc3 Qa5+=
1/2-1/2

[Event "August 2011"]
[Site "SchemingMind.com"]
[Date "2011.08.08"]
[Round "-"]
[White "ramesse"]
[Black "otsenrechess"]
[Result "1/2-1/2"]
[WhiteCountry "SVK"]
[BlackCountry "HUN"]
[WhiteElo "2171"]
[WhiteRD "61"]
[BlackElo "2315"]
[BlackRD "53"]
[GameID "290381"]

1. e4 c5 2. Nf3 Nc6 3. d4 cxd4 4. Nxd4 e5 5. Nb5 d6 6. N1c3 a6 7. Na3 b5 8. Nd5 Nf6 9. Bg5 Be7 10. Bxf6 Bxf6
11. c3 O-O 12. Nc2 Bg5 13. a4 bxa4 14. Rxa4 a5 15. Bc4 Rb8 16. b3 Kh8 17. Nce3 g6 18. O-O f5 19. Qf3 Bb7 20. exf5 Ne7
21. f6 Bxf6 22. Qe2 Nxd5 23. Nxd5 Bc6 24. Ra2=
1/2-1/2

[Event "August 2011"]
[Site "SchemingMind.com"]
[Date "2011.08.12"]
[Round "-"]
[White "Scooter"]
[Black "otsenrechess"]
[Result "0-1"]
[WhiteCountry "USA"]
[BlackCountry "HUN"]
[WhiteElo "1861"]
[WhiteRD "57"]
[BlackElo "2315"]
[BlackRD "53"]
[GameID "290719"]

1. d4 Nf6 2. Nf3 e6 3. Bg5 c5 4. c3 Qb6 5. Qb3 Nc6 6. e3 Qxb3 7. axb3 cxd4 8. exd4 d5 9. Bb5 Bd7 10. O-O Bd6
11. Nbd2 h6 12. Bxf6 gxf6 13. Rfe1 a6 14. Ba4 Kd8 15. b4 Kc7 16. b5 axb5 17. Bxb5 Kb6 18. Bxc6 Bxc6 19. h3 Bb5 20. b3 Bd3
21. c4 Bb4 22. c5+ Kc6 23. Rec1 b6 24. cxb6+ Kxb6 25. Kh2 Ba3 26. Rc3 Bd6+
0-1

[Event "August 2011"]
[Site "SchemingMind.com"]
[Date "2011.08.11"]
[Round "-"]
[White "ramesse"]
[Black "Scooter"]
[Result "1-0"]
[WhiteCountry "SVK"]
[BlackCountry "USA"]
[WhiteElo "2043"]
[WhiteRD "70"]
[BlackElo "1887"]
[BlackRD "62"]
[GameID "290720"]

1. e4 c6 2. d4 d5 3. e5 Bf5 4. Nf3 e6 5. Be2 Nd7 6. O-O h6 7. c3 c5 8. c4 cxd4 9. cxd5 exd5 10. Nxd4 Be6
11. Nxe6 fxe6 12. Bh5+ Ke7 13. Re1 Qc7 14. Nc3 g5 15. Nxd5+ exd5 16. Qxd5 Kd8 17. Qf7 Qa5 18. Rd1 Qa4 19. Bxg5+
1-0

[Event "August 2011"]
[Site "SchemingMind.com"]
[Date "2011.08.12"]
[Round "-"]
[White "otsenrechess"]
[Black "Scooter"]
[Result "1-0"]
[WhiteCountry "HUN"]
[BlackCountry "USA"]
[WhiteElo "2315"]
[WhiteRD "53"]
[BlackElo "1861"]
[BlackRD "57"]
[GameID "290721"]

1. e4 c6 2. Nc3 d5 3. Nf3 dxe4 4. Nxe4 Bg4 5. h3 Bxf3 6. Qxf3 Nd7 7. Ng5 Ngf6 8. Qb3 e6 9. Qxb7 Qc8 10. Ba6 Qxb7
11. Bxb7
1-0

[Event "August 2011"]
[Site "SchemingMind.com"]
[Date "2011.08.12"]
[Round "-"]
[White "Luki212"]
[Black "Scooter"]
[Result "1-0"]
[WhiteCountry "SVK"]
[BlackCountry "USA"]
[WhiteElo "1979"]
[WhiteRD "86"]
[BlackElo "1861"]
[BlackRD "57"]
[GameID "290789"]

1. d4 Nf6 2. Nf3 e6 3. c4 Bb4+ 4. Bd2 Bxd2+ 5. Qxd2 d5 6. e3 O-O 7. Nc3 Nbd7 8. cxd5 exd5 9. Bd3 c6 10. O-O Re8
11. Rac1 Ne4 12. Qc2 Ndf6 13. Ne5 Nxc3 14. bxc3 g6 15. c4 Ng4 16. Nf3 Nh6 17. cxd5 Qxd5 18. Ne5 Bf5 19. Bxf5 Nxf5 20. Qb2 Re7
21. Rfd1 Rd8 22. Ng4 Rd6 23. Qb4 h5 24. Rc5 Qxa2 25. Rxf5 Qe2 26. Rf1
1-0

[Event "August 2011"]
[Site "SchemingMind.com"]
[Date "2011.08.12"]
[Round "-"]
[White "Luki212"]
[Black "ramesse"]
[Result "0-1"]
[WhiteCountry "SVK"]
[BlackCountry "SVK"]
[WhiteElo "1979"]
[WhiteRD "86"]
[BlackElo "2171"]
[BlackRD "61"]
[GameID "290790"]

1. d4 d5 2. Nf3 Nf6 3. c4 c6 4. e3 e6 5. Bd2 Be7 6. Bd3 dxc4 7. Bxc4 O-O 8. Qc2 b6 9. O-O Bb7 10. Nc3 c5
11. Be2 cxd4 12. Nxd4 Nc6 13. Ncb5 Rc8 14. Bc3 Nxd4 15. Nxd4 Bb4 16. Qa4 Bxc3 17. bxc3 e5 18. Nf5 Nd5 19. Qg4 g6 20. Rfd1 h5
21. Qg3 Qf6 22. Bf3 Nxc3 23. Rd7 Bxf3 24. Ne7+ Qxe7 25. Rxe7 Ne2+
0-1

[Event "August 2011"]
[Site "SchemingMind.com"]
[Date "2011.08.12"]
[Round "-"]
[White "Luki212"]
[Black "otsenrechess"]
[Result "0-1"]
[WhiteCountry "SVK"]
[BlackCountry "HUN"]
[WhiteElo "2023"]
[WhiteRD "83"]
[BlackElo "2147"]
[BlackRD "45"]
[GameID "290791"]

1. e4 c5 2. Nf3 Nc6 3. d4 cxd4 4. Nxd4 e5 5. Nb5 d6 6. N1c3 a6 7. Na3 b5 8. Nd5 Nf6 9. c4 b4 10. Nxf6+ Qxf6
11. Nc2 Be7 12. Bd3 Qg6 13. O-O O-O 14. Ne3 Rb8 15. b3 Bd8 16. Nd5 Ne7 17. Be3 Nxd5 18. cxd5 Bh3 19. Qf3 Bg4 20. Qg3 f5
21. exf5 Qh5 22. h3 Bxf5 23. Bxa6 Bh4 24. Be2 Qxe2 25. Qxh4 Rf6 26. Qc4 Qh5
0-1

[Event "August 2011"]
[Site "SchemingMind.com"]
[Date "2011.08.12"]
[Round "-"]
[White "Scooter"]
[Black "Luki212"]
[Result "0-1"]
[WhiteCountry "USA"]
[BlackCountry "SVK"]
[WhiteElo "1887"]
[WhiteRD "62"]
[BlackElo "1881"]
[BlackRD "103"]
[GameID "290792"]

1. d4 Nf6 2. Nf3 e6 3. Bg5 c5 4. e3 Qb6 5. b3 Ne4 6. Bd3 Nxg5 7. Nxg5 cxd4 8. exd4 Qxd4 9. Nd2 Qe5+ 10. Nge4 d5
11. Nf3 Qc7 12. Ned2 Nc6 13. O-O Be7 14. Re1 O-O 15. c4 d4 16. Ne4 e5 17. Neg5 f5
0-1

[Event "August 2011"]
[Site "SchemingMind.com"]
[Date "2011.08.12"]
[Round "-"]
[White "ramesse"]
[Black "Luki212"]
[Result "1-0"]
[WhiteCountry "SVK"]
[BlackCountry "SVK"]
[WhiteElo "2171"]
[WhiteRD "61"]
[BlackElo "1979"]
[BlackRD "86"]
[GameID "290793"]

1. e4 c6 2. d4 d5 3. e5 Bf5 4. Nf3 e6 5. Be2 c5 6. Be3 cxd4 7. Nxd4 Ne7 8. c4 Nbc6 9. Qa4 a6 10. Na3 Rc8
11. Rc1 Qd7 12. cxd5 exd5 13. Nxf5 Nxf5 14. O-O Nxe3 15. fxe3 Bxa3 16. Bg4
1-0

[Event "August 2011"]
[Site "SchemingMind.com"]
[Date "2011.08.12"]
[Round "-"]
[White "otsenrechess"]
[Black "Luki212"]
[Result "1/2-1/2"]
[WhiteCountry "HUN"]
[BlackCountry "SVK"]
[WhiteElo "2147"]
[WhiteRD "45"]
[BlackElo "2023"]
[BlackRD "83"]
[GameID "290794"]

1. e4 e5 2. Nf3 Nc6 3. Bb5 a6 4. Bxc6 dxc6 5. O-O Bg4 6. h3 h5 7. d3 Qf6 8. Nbd2 Ne7 9. Re1 Ng6 10. d4 Nf4
11. dxe5 Qg6 12. Nh4 Bxd1 13. Nxg6 Nxg6 14. Rxd1 O-O-O 15. Re1 Nxe5 16. Nf3 Nxf3+ 17. gxf3 Bc5 18. Kf1 Rhe8 19. Bf4 f6 20. Rad1 g5
21. Be3 Bxe3 22. fxe3 g4 23. Kg2 gxf3+ 24. Kxf3 Rg8 25. Rg1 Rg5 26. Rxd8+ Kxd8 27. Rg3 a5=
1/2-1/2

[Event "August 2011"]
[Site "SchemingMind.com"]
[Date "2011.08.22"]
[Round "-"]
[White "Nate_Young"]
[Black "Luki212"]
[Result "1-0"]
[WhiteCountry "AUS"]
[BlackCountry "SVK"]
[WhiteElo "2108"]
[WhiteRD "94"]
[BlackElo "1979"]
[BlackRD "85"]
[GameID "291305"]

1. e4 e5 2. f4 exf4 3. Nf3 g5 4. h4 g4 5. Ne5 Qe7 6. d4 d6 7. Nxg4 Qxe4+ 8. Qe2 Qe7 9. Qxe7+ Bxe7 10. Nf2 Nh6
11. Bxf4 Nf5 12. Nc3 Bd7 13. O-O-O Bxh4 14. Rxh4 Nxh4 15. Nd5 Na6 16. Bg5 Bc6 17. Nf6+ Kf8 18. Bxh4 Rc8 19. a3 Nb8 20. Bd3 Kg7
21. Bf5
1-0

[Event "August 2011"]
[Site "SchemingMind.com"]
[Date "2011.08.21"]
[Round "-"]
[White "Nate_Young"]
[Black "Scooter"]
[Result "1-0"]
[WhiteCountry "AUS"]
[BlackCountry "USA"]
[WhiteElo "2093"]
[WhiteRD "91"]
[BlackElo "1861"]
[BlackRD "57"]
[GameID "291306"]

1. e4 c6 2. d4 d5 3. Nc3 dxe4 4. Nxe4 Bf5 5. Ng3 Bg6 6. Nf3 Nd7 7. Bd3 Bxd3 8. Qxd3 Qc7 9. O-O Ngf6 10. Ne5 e6
11. Re1 Bd6 12. Nf5 O-O 13. Nh6+ gxh6 14. Qg3+ Kh8 15. Bxh6 Nh5 16. Qg5 Ndf6 17. Bxf8 Rxf8 18. Qh4 Rg8 19. Kh1 c5 20. Rad1 cxd4
21. Qxd4 Bxe5 22. Rxe5 Qc6 23. f3 Qxc2 24. Rg1 Ng7 25. Rb5 Qc6 26. Rb3 Nd5 27. Qxa7 b5 28. Qxf7 Nf5 29. Ra3 Nde3 30. Qf6+ Rg7
31. Rxe3 Nxe3 32. Qd8+
1-0

[Event "August 2011"]
[Site "SchemingMind.com"]
[Date "2011.08.22"]
[Round "-"]
[White "Nate_Young"]
[Black "ramesse"]
[Result "0-1"]
[WhiteCountry "AUS"]
[BlackCountry "SVK"]
[WhiteElo "2093"]
[WhiteRD "91"]
[BlackElo "2171"]
[BlackRD "61"]
[GameID "291307"]

1. e4 c5 2. Nf3 d6 3. d4 cxd4 4. Nxd4 Nf6 5. Nc3 a6 6. Bc4 e6 7. Bb3 Nbd7 8. Be3 Nc5 9. f3 Be7 10. Qd2 Qc7
11. g4 b5 12. g5 Nfd7 13. h4 b4 14. Nd5 exd5 15. Bxd5 Bb7 16. Nf5 Ne5 17. O-O-O Bxd5 18. Qxd5 O-O 19. f4 Ng4 20. Bd4 Rfc8
21. Kb1 Ne6 22. Qb3 Nxd4 23. Rxd4 d5 24. exd5 Bf8 25. d6 Qd7 26. Ng3 Re8 27. Qf3 Rad8 28. Rhd1 Ne3 29. R1d3 Qa7 30. d7 Re7
31. f5 Ng2
0-1

[Event "August 2011"]
[Site "SchemingMind.com"]
[Date "2011.08.22"]
[Round "-"]
[White "Nate_Young"]
[Black "otsenrechess"]
[Result "1-0"]
[WhiteCountry "AUS"]
[BlackCountry "HUN"]
[WhiteElo "2093"]
[WhiteRD "91"]
[BlackElo "2315"]
[BlackRD "53"]
[GameID "291308"]

1. e4 e5 2. f4 exf4 3. Bc4 Nf6 4. Nc3 c6 5. Bb3 d5 6. exd5 cxd5 7. d4 Bd6 8. Nf3 O-O 9. O-O Be6 10. Ne5 Bxe5
11. dxe5 Ng4 12. Nxd5 Nc6 13. Bxf4 Bxd5 14. Qxg4 Bxb3 15. axb3 Qd4+ 16. Rf2 Nxe5 17. Qd1 Qxd1+ 18. Rxd1 Rae8 19. c4
1-0

[Event "August 2011"]
[Site "SchemingMind.com"]
[Date "2011.08.22"]
[Round "-"]
[White "Luki212"]
[Black "Nate_Young"]
[Result "1-0"]
[WhiteCountry "SVK"]
[BlackCountry "AUS"]
[WhiteElo "2023"]
[WhiteRD "83"]
[BlackElo "1967"]
[BlackRD "84"]
[GameID "291309"]

1. Nf3 Nf6 2. b3 g6 3. Bb2 Bg7 4. g3 O-O 5. Bg2 c5 6. c4 Nc6 7. O-O d6 8. d4 cxd4 9. Nxd4 Bd7 10. Na3 Qa5
11. Nac2 a6 12. e4 Rac8 13. Ne3 Ng4 14. Nxc6 bxc6 15. Bxg7 Nxe3 16. Qd4 Nxf1 17. Bxf8 Rxf8 18. Kxf1 c5 19. Qb2 Be6 20. e5 Rb8
21. Bd5 Bxd5 22. cxd5 Qb5+ 23. Qe2 dxe5 24. Rc1 f6 25. Qc4 Kf8 26. Ke2 Qa5 27. Rc2
1-0

[Event "August 2011"]
[Site "SchemingMind.com"]
[Date "2011.08.21"]
[Round "-"]
[White "Scooter"]
[Black "Nate_Young"]
[Result "0-1"]
[WhiteCountry "USA"]
[BlackCountry "AUS"]
[WhiteElo "1861"]
[WhiteRD "57"]
[BlackElo "2093"]
[BlackRD "91"]
[GameID "291310"]

1. d4 Nf6 2. Bf4 g6 3. Nf3 Bg7 4. h3 O-O 5. e3 d6 6. Be2 c5 7. O-O Nbd7 8. Nbd2 cxd4 9. exd4 e5 10. dxe5 dxe5
11. Nxe5 Nd5 12. Nxd7 Bxd7 13. Bg3 Bxb2 14. Rb1 Nc3 15. Qe1 Re8
0-1

[Event "August 2011"]
[Site "SchemingMind.com"]
[Date "2011.08.22"]
[Round "-"]
[White "ramesse"]
[Black "Nate_Young"]
[Result "1-0"]
[WhiteCountry "SVK"]
[BlackCountry "AUS"]
[WhiteElo "2171"]
[WhiteRD "61"]
[BlackElo "2093"]
[BlackRD "91"]
[GameID "291311"]

1. e4 c5 2. Nf3 d6 3. d4 cxd4 4. Nxd4 Nf6 5. Nc3 g6 6. Be3 Bg7 7. f3 Nc6 8. Qd2 O-O 9. Bc4 Bd7 10. O-O-O Rc8
11. Bb3 Ne5 12. Kb1 Re8 13. h4 h5 14. g4 hxg4 15. h5 Nxh5 16. Bh6 Bf6 17. Nd5 a5 18. fxg4 Ng3 19. Nf5 Nxh1 20. Rxh1 Nxg4
21. Qf4 a4 22. Qxg4 axb3 23. Nxf6+ exf6 24. Bg7 Bxf5 25. Qh4 Kxg7 26. Qh6+ Kg8 27. Qh8#
1-0

[Event "August 2011"]
[Site "SchemingMind.com"]
[Date "2011.08.22"]
[Round "-"]
[White "otsenrechess"]
[Black "Nate_Young"]
[Result "1-0"]
[WhiteCountry "HUN"]
[BlackCountry "AUS"]
[WhiteElo "2147"]
[WhiteRD "45"]
[BlackElo "1967"]
[BlackRD "84"]
[GameID "291312"]

1. e4 c5 2. Nf3 d6 3. d4 cxd4 4. Nxd4 Nf6 5. Nc3 g6 6. Be3 Bg7 7. f3 Nc6 8. Qd2 O-O 9. O-O-O Bd7 10. Bc4 Rc8
11. Bb3 Ne5 12. h4 h5 13. Bg5 Rc5 14. Kb1 b5 15. g4 a5 16. gxh5 a4 17. h6 Bh8 18. Bd5 b4 19. h7+ Nxh7 20. Nce2 Nxg5
21. hxg5 Bg7 22. f4 Nc4 23. Qd3 Nxb2 24. Kxb2 e6 25. f5 exf5 26. Qg3 Re8 27. Qxd6 Qc7 28. Qxc7 Rxc7 29. a3 b3 30. cxb3 fxe4
31. Rc1 Ra7 32. Rc5 axb3 33. Rf1 Bg4 34. Kxb3 Rb8+ 35. Kc2 Bxe2 36. Nxe2
1-0

[Event "August 2011"]
[Site "SchemingMind.com"]
[Date "2011.09.01"]
[Round "-"]
[White "mugen9x9"]
[Black "Luki212"]
[Result "0-1"]
[WhiteCountry "JPN"]
[BlackCountry "SVK"]
[WhiteElo "1856"]
[WhiteRD "82"]
[BlackElo "2023"]
[BlackRD "83"]
[GameID "291722"]

1. d4 Nf6 2. c4 e6 3. Nc3 Bb4 4. Nf3 b6 5. e3 O-O 6. Bd3 Bb7 7. Bd2 d6 8. O-O h6 9. a3 Bxc3 10. Bxc3 Ne4
11. Be1 Nd7 12. Nd2 f5 13. f3 Nxd2 14. Bxd2 g5 15. Qc2 Qf6 16. b4 e5 17. Bc3 f4 18. Rae1 Rae8
0-1

[Event "August 2011"]
[Site "SchemingMind.com"]
[Date "2011.09.01"]
[Round "-"]
[White "mugen9x9"]
[Black "Scooter"]
[Result "1-0"]
[WhiteCountry "JPN"]
[BlackCountry "USA"]
[WhiteElo "1906"]
[WhiteRD "92"]
[BlackElo "1861"]
[BlackRD "57"]
[GameID "291723"]

1. d4 Nf6 2. Nc3 d5 3. Bf4 Bf5 4. e3 c6 5. Nf3 e6 6. Bd3 Bxd3 7. cxd3 Bd6 8. Qb3 Bxf4 9. Qxb7 Nbd7 10. exf4 Rb8
11. Qxc6 Rxb2 12. O-O Rb6 13. Qa4 Qc7 14. Rfc1 Qxf4 15. Nxd5 Nxd5 16. Rc8+
1-0

[Event "August 2011"]
[Site "SchemingMind.com"]
[Date "2011.09.01"]
[Round "-"]
[White "mugen9x9"]
[Black "Nate_Young"]
[Result "1-0"]
[WhiteCountry "JPN"]
[BlackCountry "AUS"]
[WhiteElo "1856"]
[WhiteRD "82"]
[BlackElo "1967"]
[BlackRD "84"]
[GameID "291724"]

1. d4 d5 2. c4 e6 3. Nf3 c5 4. Nc3 Nc6 5. dxc5 d4 6. Ne4 f5 7. Nd6+ Bxd6 8. cxd6 Qxd6 9. e3 Qb4+ 10. Bd2 Qxb2
11. Rb1 Qxa2 12. Nxd4 Nxd4 13. exd4 Nf6 14. Bd3 O-O 15. O-O Rd8 16. f3 Qa6 17. Be3 Qd6 18. Qb3 a5 19. Rfe1 a4 20. Qa2 Kh8
21. Bf2 h6 22. Bc2 Ra5 23. Bd3 Bd7 24. Rxb7 a3 25. Rb3 Rda8 26. Bc2 Bc6 27. Reb1 Ra4 28. Rb6 R4a6 29. R6b4
1-0

[Event "August 2011"]
[Site "SchemingMind.com"]
[Date "2011.09.01"]
[Round "-"]
[White "mugen9x9"]
[Black "ramesse"]
[Result "0-1"]
[WhiteCountry "JPN"]
[BlackCountry "SVK"]
[WhiteElo "1812"]
[WhiteRD "82"]
[BlackElo "2219"]
[BlackRD "64"]
[GameID "291725"]

1. d4 d5 2. c4 c6 3. Nf3 Nf6 4. e3 e6 5. Bd3 Nbd7 6. Nc3 dxc4 7. Bxc4 b5 8. Be2 b4 9. Na4 Be7 10. O-O O-O
11. a3 a5 12. Qc2 Bb7 13. Rd1 Qc7 14. axb4 axb4 15. Bd2 Ra5 16. b3 Rfa8 17. h3 Qb8 18. Qb2 Ne4 19. Be1 c5 20. Ne5 Nxe5
0-1

[Event "August 2011"]
[Site "SchemingMind.com"]
[Date "2011.09.01"]
[Round "-"]
[White "mugen9x9"]
[Black "otsenrechess"]
[Result "1/2-1/2"]
[WhiteCountry "JPN"]
[BlackCountry "HUN"]
[WhiteElo "1856"]
[WhiteRD "82"]
[BlackElo "2147"]
[BlackRD "45"]
[GameID "291726"]

1. d4 Nf6 2. c4 g6 3. Nc3 d5 4. cxd5 Nxd5 5. Nf3 Bg7 6. e4 Nxc3 7. bxc3 c5 8. Be3 O-O 9. Be2 Qa5 10. O-O Nc6
11. Qb3 b6 12. Bb5 Bd7 13. a4 a6 14. Bxc6 Bxc6 15. d5 Bd7 16. Rfc1 Rfc8 17. Nd2 b5 18. axb5 Qxb5 19. Rab1 Qxb3 20. Rxb3 Rab8
21. Rxb8 Rxb8 22. Bxc5 a5 23. Bxe7 Bh6 24. f4 Bxf4 25. Rc2 f5 26. g3 Bxd2 27. Rxd2 fxe4 28. Kf2 Rc8 29. Ke3 Rxc3+=
1/2-1/2

[Event "August 2011"]
[Site "SchemingMind.com"]
[Date "2011.09.01"]
[Round "-"]
[White "Luki212"]
[Black "mugen9x9"]
[Result "1-0"]
[WhiteCountry "SVK"]
[BlackCountry "JPN"]
[WhiteElo "2023"]
[WhiteRD "83"]
[BlackElo "1856"]
[BlackRD "82"]
[GameID "291727"]

1. e4 c5 2. Nf3 Nc6 3. d4 cxd4 4. Nxd4 e5 5. Nb5 d6 6. N1c3 a6 7. Na3 b5 8. Nd5 Nf6 9. c4 b4 10. Nxf6+ Qxf6
11. Nc2 Qg6 12. Ne3 Be7 13. Bd3 O-O 14. O-O Bg5 15. Nd5 Be6 16. c5 dxc5 17. Bxg5 Qxg5 18. Qc1 Qg6 19. Rd1 Bg4 20. Re1 Bf3
21. g3 Qd6 22. Qc4 Nd4 23. Rec1 Qe6 24. Qxc5
1-0

[Event "August 2011"]
[Site "SchemingMind.com"]
[Date "2011.09.01"]
[Round "-"]
[White "Scooter"]
[Black "mugen9x9"]
[Result "0-1"]
[WhiteCountry "USA"]
[BlackCountry "JPN"]
[WhiteElo "1806"]
[WhiteRD "55"]
[BlackElo "1812"]
[BlackRD "82"]
[GameID "291728"]

1. d4 Nf6 2. Nf3 d5 3. Bf4 Nc6 4. e3 Nh5 5. Bg5 h6 6. Bh4 g5 7. Bg3 Nxg3 8. hxg3 g4 9. Ne5 Nxe5 10. dxe5 c6
11. Be2 h5 12. Nc3 Bg7 13. Qd4 Qc7 14. O-O-O Bxe5 15. Qa4 Bd7 16. Qb3 b5 17. Bd3 a5 18. Ne2 a4 19. Qb4 c5
0-1

[Event "August 2011"]
[Site "SchemingMind.com"]
[Date "2011.09.01"]
[Round "-"]
[White "Nate_Young"]
[Black "mugen9x9"]
[Result "0-1"]
[WhiteCountry "AUS"]
[BlackCountry "JPN"]
[WhiteElo "1967"]
[WhiteRD "84"]
[BlackElo "1856"]
[BlackRD "82"]
[GameID "291729"]

1. d4 Nf6 2. c4 e6 3. Nf3 d5 4. Nc3 Be7 5. Bg5 O-O 6. e3 h6 7. Bh4 b6 8. Bd3 dxc4 9. Bxc4 Bb7 10. O-O Nbd7
11. Qc2 a6 12. Rad1 Nh5 13. Bxe7 Qxe7 14. d5 b5 15. dxe6 fxe6 16. Be2 Nhf6 17. Nd2 Rad8 18. Bf3 c6 19. Nce4 Nd5 20. Nb3 c5
21. a3 c4 22. Nd4 Ne5 23. Be2 Nf6 24. Nxf6+ Qxf6 25. f4 Nc6 26. Nf3 Rxd1 27. Rxd1 e5 28. b3 exf4 29. bxc4 Ne5 30. cxb5 Bxf3
0-1

[Event "August 2011"]
[Site "SchemingMind.com"]
[Date "2011.09.01"]
[Round "-"]
[White "ramesse"]
[Black "mugen9x9"]
[Result "1-0"]
[WhiteCountry "SVK"]
[BlackCountry "JPN"]
[WhiteElo "2219"]
[WhiteRD "64"]
[BlackElo "1812"]
[BlackRD "82"]
[GameID "291730"]

1. e4 c5 2. Nf3 Nc6 3. d4 cxd4 4. Nxd4 e5 5. Nb5 d6 6. N1c3 a6 7. Na3 b5 8. Nd5 Nf6 9. Bg5 Be7 10. Bxf6 Bxf6
11. c3 O-O 12. Nc2 Be6 13. a4 Bxd5 14. exd5 Ne7 15. Bd3 bxa4 16. Rxa4 Qb6 17. Rb4 Qa5 18. Ne3 Rfb8 19. Rxb8+ Rxb8 20. O-O Qc7
21. Qc2 g6 22. Rd1 Bg5 23. Nc4 Nxd5 24. Bf1 Nb6 25. Nxd6
1-0

[Event "August 2011"]
[Site "SchemingMind.com"]
[Date "2011.09.01"]
[Round "-"]
[White "otsenrechess"]
[Black "mugen9x9"]
[Result "1-0"]
[WhiteCountry "HUN"]
[BlackCountry "JPN"]
[WhiteElo "2301"]
[WhiteRD "51"]
[BlackElo "1812"]
[BlackRD "82"]
[GameID "291731"]

1. g3 e5 2. Bg2 d5 3. d3 Nf6 4. Nf3 Nc6 5. O-O Be7 6. c4 O-O 7. cxd5 Nxd5 8. Nc3 Be6 9. Bd2 h6 10. Rc1 Nf6
11. a3 Qd7 12. Qa4
1-0

[Event "August 2011"]
[Site "SchemingMind.com"]
[Date "2011.08.31"]
[Round "-"]
[White "Milan"]
[Black "Luki212"]
[Result "0-1"]
[WhiteCountry "CZE"]
[BlackCountry "SVK"]
[WhiteElo "1954"]
[WhiteRD "66"]
[BlackElo "1979"]
[BlackRD "86"]
[GameID "291804"]

1. f4 e5 2. fxe5 d6 3. exd6 Bxd6 4. Nf3 g5 5. g3 g4 6. Nh4 Ne7 7. d4 Ng6 8. Nxg6 hxg6 9. Qd3 Nc6 10. c3 Bf5
11. e4 Qe7 12. Bg2 O-O-O 13. O-O Be6 14. Bf4 Bc5 15. e5 f5 16. Qb5 Qh7 17. Kf2 Bb6 18. Rh1 a6 19. Qa4 Nxd4 20. Be3 Nf3
21. Bxf3 Bxe3+ 22. Kxe3 gxf3 23. Na3 Bd5 24. Kf2 Qh3 25. Rag1 Be4 26. Nc4 g5 27. Ne3 Rd2+
0-1

[Event "August 2011"]
[Site "SchemingMind.com"]
[Date "2011.08.29"]
[Round "-"]
[White "Milan"]
[Black "Scooter"]
[Result "0-1"]
[WhiteCountry "CZE"]
[BlackCountry "USA"]
[WhiteElo "1954"]
[WhiteRD "66"]
[BlackElo "1861"]
[BlackRD "57"]
[GameID "291805"]

1. f4 d5 2. Nf3 Nf6 3. e3 Bg4 4. Be2 e6 5. O-O c5 6. d3 Be7 7. Nc3 O-O 8. Ne5 Bxe2 9. Qxe2 Nc6 10. Nxc6 bxc6
11. b3 d4 12. exd4 Qxd4+
0-1

[Event "August 2011"]
[Site "SchemingMind.com"]
[Date "2011.08.29"]
[Round "-"]
[White "Milan"]
[Black "Nate_Young"]
[Result "0-1"]
[WhiteCountry "CZE"]
[BlackCountry "AUS"]
[WhiteElo "1954"]
[WhiteRD "66"]
[BlackElo "2093"]
[BlackRD "91"]
[GameID "291806"]

1. f4 c5 2. Nf3 Nf6 3. e3 g6 4. Be2 Bg7 5. O-O O-O 6. Nc3 Nc6 7. d3 d5 8. Bd2 d4 9. exd4 cxd4 10. Ne4 Qb6
11. Nxf6+ exf6 12. b3 Nb4 13. Bxb4 Qxb4 14. Qd2 Qd6 15. g3 Re8 16. Rfe1 Bg4 17. Nh4 Bxe2 18. Rxe2 Rxe2 19. Qxe2 Rc8 20. a4 Qc6
21. Ra2 Re8 22. Qf3 Re1+ 23. Kf2 Qc3 24. g4 Qd2+ 25. Kg3 Re3
0-1

[Event "August 2011"]
[Site "SchemingMind.com"]
[Date "2011.09.03"]
[Round "-"]
[White "Milan"]
[Black "mugen9x9"]
[Result "1-0"]
[WhiteCountry "CZE"]
[BlackCountry "JPN"]
[WhiteElo "1940"]
[WhiteRD "68"]
[BlackElo "1812"]
[BlackRD "82"]
[GameID "291807"]

1. f4 d5 2. Nf3 Nc6 3. e3 g6 4. Bb5 Bg7 5. O-O Nf6 6. c3 O-O 7. Bxc6 bxc6 8. Ne5 Qd6 9. d4 c5 10. dxc5 Qxc5
11. Qd4 Qb6 12. Qxb6 axb6 13. Nd2 Nd7 14. Nxd7 Bxd7 15. Nf3 Ra4 16. Bd2 c5 17. b3 Ra6 18. a4 Rfa8 19. Rfd1 c4 20. bxc4 dxc4
21. Rab1 Bxa4 22. Rdc1 Bc6 23. Nd4 Be4 24. Rb4
1-0

[Event "August 2011"]
[Site "SchemingMind.com"]
[Date "2011.08.30"]
[Round "-"]
[White "Milan"]
[Black "ramesse"]
[Result "0-1"]
[WhiteCountry "CZE"]
[BlackCountry "SVK"]
[WhiteElo "1954"]
[WhiteRD "66"]
[BlackElo "2171"]
[BlackRD "61"]
[GameID "291808"]

1. f4 d5 2. Nf3 Nf6 3. e3 g6 4. Be2 Bg7 5. O-O O-O 6. d3 c5 7. Nc3 Nc6 8. a3 d4 9. Ne4 Nd5 10. exd4 cxd4
11. Bd2 Qb6 12. Rb1 f5 13. Neg5 h6 14. Nh3 e5 15. fxe5 g5 16. Nf2 Ne3 17. Bxe3 dxe3 18. Nh1 f4 19. d4 g4 20. Ne1 Nxd4
21. c3 Nb3 22. Bc4+ Be6
0-1

[Event "August 2011"]
[Site "SchemingMind.com"]
[Date "2011.08.29"]
[Round "-"]
[White "Milan"]
[Black "otsenrechess"]
[Result "0-1"]
[WhiteCountry "CZE"]
[BlackCountry "HUN"]
[WhiteElo "1940"]
[WhiteRD "68"]
[BlackElo "2301"]
[BlackRD "51"]
[GameID "291809"]

1. f4 d5 2. Nf3 g6 3. e3 Bg7 4. Be2 Nf6 5. O-O O-O 6. d3 c5 7. c3 Nc6 8. Nbd2 Qd6 9. c4 d4 10. exd4 Nxd4
11. Nxd4 Qxd4+ 12. Kh1 Bf5 13. Nf3 Qd6 14. Be3 Ng4 15. Bg1 Rfd8 16. Nh4 Nh6 17. Nxf5 Nxf5 18. Rb1 Rab8 19. b4 cxb4 20. Bxa7 Ra8
21. c5 Qe6 22. Bb6 Qxa2 23. Bxd8 Ne3 24. Qe1 Bc3 25. Qf2 Nxf1 26. Qxf1 Rxd8 27. Bf3 Qa7 28. Qf2 e6 29. Be4 Rc8 30. g4 Rxc5
31. f5 exf5 32. gxf5 Bd4 33. Qf4 Qa2 34. Rf1 Be5 35. Qh4 Bc7 36. d4 Qc4 37. Qf2 Ra5 38. fxg6 hxg6 39. Qf6 Ra6 40. Bd3 Rxf6
41. Bxc4 Rxf1+ 42. Bxf1 b3 43. Bc4 b2 44. Ba2 Kg7 45. Kg2 Kf6 46. h3 Bb6
0-1